Click Quiz - Mois dans l'histoire - Statistiques

Statistiques générales
  • Ce quiz a été pris 90 fois
  • Le résultat moyen est 4 sur 12
Statistiques - réponses
Hint Réponse % Correct
Les Bleus remportent leurs deux coupes du Monde de foot Juillet
84%
Bombes atomiques américaines lancées sur le Japon Août
47%
Election de Barack Obama Novembre
44%
Attaque de Pearl Harbor Décembre
40%
Mort de la reine Elizabeth II Septembre
34%
Crise économique de 1929 Février
29%
Gagarine dans l'espace Avril
16%
Bataille de Waterloo Juin
13%
Charles Martel arrête les arabes à Poitiers Octobre
13%
Grève générale à Chicago en 1886 Mai
11%
Jules César franchit le Rubicon Janvier
10%
Mort de Staline Mars
10%
Aucun quiz correspondant
Distribution des résultats
% des personnes avec chaque résultat
Percentile par nombre de réponses
Votre historique - résultats
Vous n’avez pas pris ce quiz